|
|
|
|
| LEADER |
00000nab a2200000 a 4500 |
| 001 |
vtls000891521 |
| 003 |
SK-MaSNL |
| 005 |
20260305013721.0 |
| 008 |
040720e19940000xo 0 slo |
| 035 |
|
|
|a KE561
|
| 040 |
|
|
|a KEVKJB
|b slo
|c KEVKJB
|e AACR2
|
| 041 |
0 |
|
|a slo
|
| 044 |
|
|
|a xo
|c SK
|
| 080 |
|
|
|a 027.53:885.0-3:929
|2 1981
|
| 245 |
0 |
0 |
|a Z kroniky Krajskej knižnice v Košiciach
|
| 610 |
2 |
7 |
|a Krajská knižnica (Košice, Slovensko)
|2 KEVKJB
|9 29615
|
| 610 |
2 |
7 |
|a Verejná knižnica Jána Bocatia v Košiciach
|2 KEVKJB
|9 29554
|
| 650 |
0 |
7 |
|a bibliobusy
|2 KEVKJB
|9 29614
|
| 650 |
0 |
7 |
|a kroniky
|2 KEVKJB
|9 29539
|
| 650 |
0 |
7 |
|a výpisky
|2 KEVKJB
|9 885591
|
| 773 |
0 |
8 |
|t Knihovník
|g Roč. 28, č.2 (1994), s. 11-12
|
| 852 |
|
|
|a ZVYKNI
|b KIS3GCP
|
| 999 |
|
|
|c 3265585
|d 3267515
|